[Event "Sochi Pearl Rapid op"]
[Site "Sochi"]
[Date "2023.10.09"]
[Round "1"]
[White "Vastrukhin, Oleg"]
[Black "Sautkin, Sergey"]
[Result "1-0"]
[WhiteElo "2343"]
[BlackElo "1790"]
[PlyCount "31"]
[EventDate "2023.10.09"]
[EventType "swiss (rapid)"]
[EventRounds "11"]
[EventCountry "RUS"]
[SourceTitle "Mega2024 Update 01"]
[Source "Chessbase"]
[SourceDate "2023.11.12"]
[SourceVersion "1"]
[SourceVersionDate "2023.11.12"]
[SourceQuality "1"]

1. e4 g6 2. d4 Bg7 3. Nc3 d6 4. h4 h5 5. Be3 a6 6. f3 b5 7. Nh3 Nd7 8. Qd2 c5 9. dxc5 Nxc5 10. Bd4 Nf6 11. e5 Nh7 12. exd6 Bxd4 13. Qxd4 0-0 14. Qxc5 exd6 15. Qd4 Re8+ 16. Be2 1-0

[Event "Pardubice Czech op-C 28th"]
[Site "Pardubice"]
[Date "2017.07.28"]
[Round "8"]
[White "Sautkin, Sergey"]
[Black "Otrubova, Kristyna"]
[Result "1-0"]
[WhiteElo "1954"]
[BlackElo "1694"]
[PlyCount "39"]
[EventDate "2017.07.22"]
[EventType "swiss"]
[EventRounds "9"]
[EventCountry "CZE"]
[SourceTitle "CBM 179 Extra"]
[Source "ChessBase"]
[SourceDate "2017.08.23"]
[SourceVersion "1"]
[SourceVersionDate "2017.08.23"]
[SourceQuality "1"]

1. d4 Nf6 2. Bf4 g6 3. Nc3 d5 4. Qd2 Bg7 5. 0-0-0 0-0 6. Bh6 b6 7. h4 Bb7 8. h5 c5 9. Bxg7 Kxg7 10. hxg6 fxg6 11. Qh6+ Kg8 12. Nf3 e6 13. Ne5 Qe7 14. e3 Nc6 15. Be2 a6 16. f4 c4 17. Rh2 Nxe5 18. dxe5 Nd7 19. Rdh1 Kf7 20. Qxg6+ 1-0

[Event "Pardubice Czech op-C 28th"]
[Site "Pardubice"]
[Date "2017.07.24"]
[Round "3"]
[White "Vonderka, Lukas"]
[Black "Sautkin, Sergey"]
[Result "0-1"]
[WhiteElo "1784"]
[BlackElo "1954"]
[PlyCount "58"]
[EventDate "2017.07.22"]
[EventType "swiss"]
[EventRounds "9"]
[EventCountry "CZE"]
[SourceTitle "CBM 179 Extra"]
[Source "ChessBase"]
[SourceDate "2017.08.23"]
[SourceVersion "1"]
[SourceVersionDate "2017.08.23"]
[SourceQuality "1"]

1. Nf3 d5 2. g3 Bf5 3. Bg2 Nc6 4. d3 Qd7 5. Bf4 0-0-0 6. c3 f6 7. b4 e5 8. Bd2 e4 9. b5 Nb8 10. Nd4 Bh3 11. Bxh3 Qxh3 12. dxe4 dxe4 13. Qa4 Bc5 14. Qc4 Bxd4 15. cxd4 Ne7 16. Nc3 Rd7 17. Rc1 Rhd8 18. Nxe4 Nd5 19. Nc5 Re7 20. Nd3 Qg2 21. Rf1 Nb6 22. Qc5 Qe4 23. e3 Rxd4 24. Nf4 Rc4 25. Rxc4 Nxc4 26. Bb4 Rd7 27. Ke2 g5 28. Rc1 Ne5 29. f3 Qxf3+ 0-1

[Event "Pardubice Czech op-C 28th"]
[Site "Pardubice"]
[Date "2017.07.23"]
[Round "2"]
[White "Sautkin, Sergey"]
[Black "Krasa, Marek"]
[Result "1-0"]
[WhiteElo "1954"]
[BlackElo "1708"]
[PlyCount "77"]
[EventDate "2017.07.22"]
[EventType "swiss"]
[EventRounds "9"]
[EventCountry "CZE"]
[SourceTitle "CBM 179 Extra"]
[Source "ChessBase"]
[SourceDate "2017.08.23"]
[SourceVersion "1"]
[SourceVersionDate "2017.08.23"]
[SourceQuality "1"]

1. d4 d5 2. Bf4 e6 3. e3 Bd6 4. Bxd6 Qxd6 5. Qg4 g6 6. Nd2 Nc6 7. c3 Nge7 8. Bd3 e5 9. dxe5 Nxe5 10. Qa4+ Bd7 11. Bb5 Nd3+ 12. Ke2 Nc5 13. Bxd7+ Qxd7 14. Qd4 0-0-0 15. Qxc5 b6 16. Qa3 Kb8 17. Ngf3 Nc6 18. Nd4 Qg4+ 19. N2f3 Nxd4+ 20. cxd4 Qxg2 21. Rhg1 Qh3 22. Rac1 Rhe8 23. Ne5 Qh5+ 24. Kf1 Rxe5 25. dxe5 Qxe5 26. Qc3 Qxh2 27. Rg3 Rd7 28. Qe5 Qh1+ 29. Rg1 Qh3+ 30. Ke1 Rd6 31. Qe8+ Kb7 32. Qxf7 Rd7 33. Qf4 d4 34. Qe4+ Kb8 35. Rg3 Qf5 36. Qxf5 gxf5 37. Rd1 c5 38. exd4 cxd4 39. Rgd3 1-0

[Event "Olomouc op"]
[Site "Olomouc"]
[Date "2008.08.02"]
[Round "3"]
[White "Karasik, Evgeni"]
[Black "Sautkin, Sergey"]
[Result "1-0"]
[WhiteElo "2270"]
[BlackElo "2060"]
[PlyCount "67"]
[EventDate "2008.07.31"]
[EventType "swiss"]
[EventRounds "9"]
[EventCountry "CZE"]
[SourceTitle "CBM 125 Extra"]
[Source "ChessBase"]
[SourceDate "2008.09.01"]
[SourceVersion "1"]
[SourceVersionDate "2008.09.01"]
[SourceQuality "1"]

1. e4 c5 2. Nf3 Nc6 3. d4 cxd4 4. Nxd4 g6 5. c4 Bg7 6. Be3 Nf6 7. Nc3 0-0 8. Be2 d6 9. 0-0 Bd7 10. Rc1 Qc8 11. Nd5 Re8 12. f3 Qd8 13. Nb5 Rf8 14. Qd2 b6 15. Bg5 Ne8 16. Rfd1 f6 17. Be3 Rb8 18. Bf1 Be6 19. Qf2 Qd7 20. a3 f5 21. exf5 Bxf5 22. b4 Nf6 23. Nbc3 Be6 24. Qh4 Ne5 25. Bg5 Rbc8 26. Kh1 Qb7 27. Be2 Rf7 28. Bxf6 Bxf6 29. Nxf6+ Rxf6 30. Ne4 Rf5 31. Ng5 Rxg5 32. Qxg5 Nxc4 33. Re1 Nxa3 34. Qe3 1-0

[Event "Olomouc op"]
[Site "Olomouc"]
[Date "2008.08.01"]
[Round "2"]
[White "Sautkin, Sergey"]
[Black "Faerman, Igor"]
[Result "1/2-1/2"]
[WhiteElo "2060"]
[BlackElo "2245"]
[PlyCount "42"]
[EventDate "2008.07.31"]
[EventType "swiss"]
[EventRounds "9"]
[EventCountry "CZE"]
[SourceTitle "CBM 125 Extra"]
[Source "ChessBase"]
[SourceDate "2008.09.01"]
[SourceVersion "1"]
[SourceVersionDate "2008.09.01"]
[SourceQuality "1"]

1. b4 Nf6 2. Bb2 d6 3. e3 e5 4. Nf3 Be7 5. c4 0-0 6. d4 exd4 7. Nxd4 c5 8. Nc2 Bf5 9. Bd3 Bxd3 10. Qxd3 Nc6 11. a3 Ne5 12. Qe2 Qc8 13. Nd2 Nfd7 14. 0-0 Re8 15. e4 Bf6 16. Ne3 Nc6 17. Bxf6 Nxf6 18. b5 Nd4 19. Qd3 Qe6 20. f3 Nd7 21. Nb3 Nxb3 1/2-1/2